[Event "Mecklenburg VP-ch U14"]
[Site "Malchow"]
[Date "2018.02.07"]
[Round "5.9"]
[White "Peilert, Janno"]
[Black "Scharies, Paul Louis"]
[Result "1-0"]
[WhiteElo "963"]
[BlackElo "1016"]
[PlyCount "83"]
[EventDate "2018.02.07"]
[EventType "swiss"]
[EventRounds "7"]
[EventCountry "GER"]
[SourceTitle "EXT 2022"]
[Source "ChessBase"]
[SourceDate "2021.10.06"]
[SourceVersion "1"]
[SourceVersionDate "2021.10.06"]
[SourceQuality "1"]

1. d4 f5 2. c4 g6 3. Nc3 Nf6 4. Nf3 Bg7 5. Bd2 0-0 6. Qc1 Nc6 7. Bh6 Bxh6 8. Qxh6 d6 9. Qd2 e5 10. dxe5 dxe5 11. Qc2 e4 12. Nd2 Be6 13. e3 Qd7 14. Rd1 a6 15. Ndxe4 Qe7 16. Ng3 Rfe8 17. Be2 Rad8 18. 0-0 Na5 19. b3 c6 20. Rd4 b5 21. cxb5 axb5 22. Rfd1 c5 23. Rxd8 Rxd8 24. Nxb5 Rxd1+ 25. Qxd1 c4 26. bxc4 Bxc4 27. Bxc4+ Nxc4 28. h3 Qe5 29. Qb3 Qd5 30. Na3 Nxa3 31. Qxa3 Ne4 32. Nxe4 Qxe4 33. Qc3 Qb1+ 34. Kh2 Qxa2 35. f4 Qa8 36. g4 fxg4 37. hxg4 h6 38. Qf6 Qe8 39. Qd4 Qe6 40. Kg3 h5 41. g5 h4+ 42. Kxh4 1-0